01198nam a2200241 a 450000100100000000500170001000800410002704000250006808200140009324501240010726000340023130000470026549000700031249000280038271000510041083000770046183000350053804900090057395201270058295201120070995201180082199900170093900002978020240307073948.0110425s2004 dr acd 000 0 spa d aDO-SdBNPbspacBNPHU axxxbU54n04aUna nueva UASD :brendición de cuentas del Rector, Dr. Porfirio García Fernández, ante el Claustro Universitario. aSanto Domingo :bUASD,c2004. a48 p. :bil. ; retrs. ; diagram. ;c21 cm.1 aPublicaciones de la Universidad Autónoma de Santo Domingov11921 aActos académicosv1651 aUniversidad Autónoma de Santo Domingo972951 0aPublicaciones de la Universidad Autónoma de Santo Domingon1192956540 0aActos Académicosn165956541 aBNPD 001054708DSaGRbGRcCTd2011-04-25iLF1l0oxxx U54np29780-30r2020-06-25te. 3w2020-06-25yLFDSZPréstamo en sala 0010718PDaPDbPDcCTd2011-04-25iLF1l0oxxx U54np29780-10r2020-06-25w2020-06-25yLFPDZNo se presta 0010718PDaPDbPDcCTd2011-04-25iLF1l0oxxx U54np29780-20r2020-06-25te. 2w2020-06-25yLFPDZNo se presta c29272d29272